Statystyki dla Wszystkie państwa nieuznawane!

Kliknij tutaj aby rozwiązać quiz!

Ogólne statystyki

  • Ten quiz został rozwiązany 1 198 razy
  • Średni wynik to 5 z 10

Statystyki odpowiedzi

KontynentKraj% Poprawnych
EuropaKosowo
81%
AzjaTajwan
65%
EuropaNaddniestrze
64%
AzjaPalestyna
53%
AzjaAbchazja
50%
AzjaOsetia Południowa
48%
AfrykaSahara zachodnia
48%
AfrykaSomaliland
45%
AzjaCypr północny
36%
AzjaGórski Karabach
36%

Rozkład punktacji

Percentyl według liczby udzielonych odpowiedzi

Procent ludzi z każdym wynikiem

Twoja historia wyników

Nie rozwiązałeś tego quizu